000 00784nam a22002177a 4500
005 20180717140652.0
010 _aENG-123485-86
020 _a9788190676069 (vol.1)
_c400.00
020 _a9789381345009 (vol.2)
_c475.00
035 _aEN-107017-18
037 _bDBAD/PUB.
082 _a305.420954
245 _aMapping the field :
_ced. by Nirmala Banerjee; Samita Sen [and] Nandita Dhawan
_bgener relations in contemporary india /
260 _aKolkata (Calcutta)
_bSTREE Publication
_c2011
270 _a16 Southern Avenue,
_bKolkata (Calcutta)
_e700026
300 _avol. 2 (xlii,265p.; xliv,266-295)
_c21cm(pbk)
500 _aReading in gender studies 1
700 _aSen, Samita
700 _aDhawan, Nandita
942 _2ddc
_cEN
_mMAP
_h305.420954
999 _c154172
_d154172